[Event "Grand Masters/Experts-ch"]
[Site "Lansing"]
[Date "1999.01.10"]
[Round "4"]
[White "Anderson, Gale"]
[Black "Pointer, Gilbert"]
[Result "1-0"]
[WhiteElo "1750"]
[BlackElo "1605"]
[PlyCount "83"]
[EventDate "1999.??.??"]
[EventType "swiss"]
[EventRounds "5"]
[EventCountry "USA"]
[SourceTitle "EXT 2007"]
[Source "ChessBase"]
[SourceDate "2006.11.23"]
[SourceVersion "1"]
[SourceVersionDate "2006.11.23"]
[SourceQuality "1"]

1. d4 d6 2. Nf3 Nf6 3. e3 g6 4. Bc4 Bg7 5. Nbd2 0-0 6. 0-0 Nc6 7. a3 Bg4 8. h3 Bf5 9. Bd3 Bxd3 10. cxd3 Qd7 11. Qc2 Rfd8 12. e4 Nh5 13. Nb3 a5 14. Be3 a4 15. Nbd2 b5 16. Rab1 Na5 17. Rfc1 Rac8 18. Qd1 c6 19. Bg5 h6 20. Be3 f5 21. d5 c5 22. Nf1 f4 23. Bd2 Nb3 24. Rc2 Rf8 25. Nh4 Kh7 26. Bc3 Bd4 27. Nd2 Rf7 28. Nxb3 axb3 29. Rcc1 Bxc3 30. Rxc3 c4 31. Rbc1 Nf6 32. Kf1 Qa7 33. Qd2 g5 34. Nf3 Rff8 35. Qe2 cxd3 36. Qxd3 Rxc3 37. Rxc3 Nd7 38. e5+ Kg8 39. Qg6+ Kh8 40. Qxh6+ Kg8 41. Qxg5+ Kf7 42. e6+ 1-0

[Event "Grand Masters/Experts-ch"]
[Site "Lansing"]
[Date "1999.01.09"]
[Round "2"]
[White "Anderson, Gale"]
[Black "Dorrington, Eldon"]
[Result "1/2-1/2"]
[WhiteElo "1750"]
[BlackElo "1605"]
[PlyCount "98"]
[EventDate "1999.??.??"]
[EventType "swiss"]
[EventRounds "5"]
[EventCountry "USA"]
[SourceTitle "EXT 2007"]
[Source "ChessBase"]
[SourceDate "2006.11.23"]
[SourceVersion "1"]
[SourceVersionDate "2006.11.23"]
[SourceQuality "1"]

1. d4 Nf6 2. c4 g6 3. Nc3 Bg7 4. e4 d6 5. Bd3 e5 6. d5 0-0 7. Nf3 Nbd7 8. b4 a5 9. b5 Nc5 10. Bc2 b6 11. 0-0 Ne8 12. Bg5 f6 13. Bd2 Qe7 14. Rc1 g5 15. Na4 Nb7 16. Be3 h6 17. Qd2 f5 18. exf5 Bxf5 19. Bb3 Nf6 20. c5 Ne4 21. Qd1 bxc5 22. Nxc5 Nexc5 23. Bxc5 a4 24. Be3 axb3 25. Qxb3 Qd7 26. a4 Na5 27. Qd1 Bg4 28. Qc2 Rxf3 29. gxf3 Bxf3 30. Rfd1 Qg4+ 31. Kf1 Bxd1 32. Rxd1 Qc4+ 33. Qe2 Qxe2+ 34. Kxe2 Nc4 35. Ra1 Nxe3 36. Kxe3 Kf7 37. a5 Kg6 38. Ke4 g4 39. Ra3 Bf6 40. a6 Bg5 41. Rc3 Ra7 42. Rxc7 Rxc7 43. b6 Rc4+ 44. Kd3 Bd8 45. a7 Rd4+ 46. Kc3 Bxb6 47. a8Q Bc5 48. Qe8+ Kg7 49. Qe7+ Kg6 1/2-1/2